000 00697nam a22001817a 4500
003 OSt
005 20251217093213.0
008 251217b |||||||| |||| 00| 0 eng d
040 _cDCL
082 _a၂၉၄.၃၉၂၇
100 0 _aပါရဂူ။
245 1 0 _aဈင်ဗုဒ္ဓဘာသာ /
_cပါရဂူ။
250 _aစတုတ္တအကြိမ်။
264 _aရန်ကုန် ၊
_bစိတ်ကူးချိုချိုစာပေ၊
_c၂၀၁၉။
300 _a၁၂၄ စာမျက်နှာ ၊
_c၂၁ စင်တီ။
650 _aဈင်ဗုဒ္ဓဘာသာ
942 _2ddc
_cSHORT TERM
_n0
999 _c2744
_d2744